000 00757nam a22001937a 4500
999 _c371198
_d371198
008 201127b ||||| |||| 00| 0 eng d
040 _aDE-2950
_bger
_cDE-2950
_erda
041 _ager
100 _aWeber-Rath, Ines:
245 _aLeiche nach Brand entdeckt.
_bTragödie: Am Dienstagmorgen brannte es in einem abgelegenen Bungalow in Rosengarten. Ein Mensch kam dabei ums Leben /
_cThomas Gutke und Ines Weber-Rath
264 _c2021
653 _aFrankfurt (Oder) <Ortsteil Rosengarten>
653 _aBrand
773 _dFrankfurt (Oder) Märkisches Verlags- und Druckhaus GmbH & Co KG
_tMärkische Oderzeitung
_g32. Jahrgang (2021) Nr. 287 vom 08.12.2021, S. 16
942 _cA